000 00285nam a22001337a 4500
008 180924b xxu||||| |||| 00| 0 eng d
020 _a1882393082
041 _aeng
080 _a070
100 _a39
101 _aMK
245 _aEffective Reporting
_cBers, T. H
942 _2udc
_cBK
999 _c48347
_d48347